000 00361nam a2200145Ia 4500
008 231217s9999 xx 000 0 und d
041 _aEnglish
082 _a030 GAL
100 _aChopra, Ravi
245 0 _aGeneral knowledge: Current affairs and who is who
260 _c1996
_bGalgotia
300 _a486+57
650 _aGeneral knowledge
942 _cAA
999 _c164509
_d164509